Catalog

Record Details

Catalog Search



Who I am with you.: Legacy of faith novel   Cover Image Large Print Book Large Print Book

Who I am with you.: Legacy of faith novel / Robin Lee Hatcher.

Hatcher, Robin Lee, (author.).

Summary:

"Jessica was pregnant and facing divorce when her husband and daughter were killed in a car accident months ago. Left to endure the tragedy and her pregnancy alone, she pulls away from her friends and community instead of leaning on them for care and support. She feels far away from God, lost and floating without an anchor. Then at her grandmother's funeral, Jessica receives a gift--her great-grandfather's Bible--which she relegates to a shelf in her house to gather dust alongside the other remnants of her faith. Ridley has suffered loss too. Disgraced in his job, his career seems to be over for good. He is both bitter and shamed. Adding insult to injury, his girlfriend of more than a year leaves at the first sign of trouble. Ridley retreats to a vacation property owned by his parents to lick his wounds and hide from the press. When he first arrives, he meets Jessica, his closest neighbor in this mountain community. But the last thing he wants is to become involved with her or anyone else in Hope Springs. All he wants is to be left alone. But God doesn't intend to let Ridley and Jessica go on hiding from life, even at its most difficult. Thumbing through the Bible later, seeing notes in both pencil and ink, Jessica begins a journey back to faith and wholeness. And the broken roads they have followed bring Jessica and Ridley to each other as well"-- Provided by publisher.

Record details

  • ISBN: 9781432859770
  • ISBN: 1432859773
  • Physical Description: 409 pages (large print) ; 23 cm.
  • Edition: Large print edition.
  • Publisher: Waterville, Maine : Thorndike Press, a part of Gale, a Cengage Company, 2019.©2018
Subject: Man-woman relationships > Fiction.
Pregnant women > Fiction.
Widows > Fiction.
Large type books.
Idaho > Fiction.
Genre: Religious fiction.
Romance fiction.

LDR 02970nam a2200445Ma 4500
001151730
003SBPL
00520211208221503.0
008181012t20192018meu d 000 1 eng d
010 . ‡a 2018046915
020 . ‡a9781432859770 ‡q(large print ; hardcover)
020 . ‡a1432859773 ‡q(large print; hardcover)
035 . ‡a(CONS)151730
035 . ‡a(CPomAG)LMN613214
043 . ‡an-us-id
08200. ‡a813/.54 ‡223
1001 . ‡aHatcher, Robin Lee, ‡eauthor.
24510. ‡aWho I am with you.: ‡bLegacy of faith novel / ‡cRobin Lee Hatcher.
24630. ‡aWho I am with you
250 . ‡aLarge print edition.
264 1. ‡aWaterville, Maine : ‡bThorndike Press, a part of Gale, a Cengage Company, ‡c2019.©2018
300 . ‡a409 pages (large print) ; ‡c23 cm.
336 . ‡atext ‡btxt ‡2rdacontent
337 . ‡aunmediated ‡bn ‡2rdamedia
338 . ‡avolume ‡bnc ‡2rdacarrier
340 . ‡nlarge print. ‡2rda
4901 . ‡aLegacy of faith novel
4901 . ‡aThorndike Press large print Christian fiction
520 . ‡a"Jessica was pregnant and facing divorce when her husband and daughter were killed in a car accident months ago. Left to endure the tragedy and her pregnancy alone, she pulls away from her friends and community instead of leaning on them for care and support. She feels far away from God, lost and floating without an anchor. Then at her grandmother's funeral, Jessica receives a gift--her great-grandfather's Bible--which she relegates to a shelf in her house to gather dust alongside the other remnants of her faith. Ridley has suffered loss too. Disgraced in his job, his career seems to be over for good. He is both bitter and shamed. Adding insult to injury, his girlfriend of more than a year leaves at the first sign of trouble. Ridley retreats to a vacation property owned by his parents to lick his wounds and hide from the press. When he first arrives, he meets Jessica, his closest neighbor in this mountain community. But the last thing he wants is to become involved with her or anyone else in Hope Springs. All he wants is to be left alone. But God doesn't intend to let Ridley and Jessica go on hiding from life, even at its most difficult. Thumbing through the Bible later, seeing notes in both pencil and ink, Jessica begins a journey back to faith and wholeness. And the broken roads they have followed bring Jessica and Ridley to each other as well"-- ‡cProvided by publisher.
650 0. ‡aMan-woman relationships ‡vFiction.
650 0. ‡aPregnant women ‡vFiction.
650 0. ‡aWidows ‡vFiction.
650 0. ‡aLarge type books.
651 0. ‡aIdaho ‡vFiction.
655 7. ‡aReligious fiction. ‡2lcgft
655 7. ‡aRomance fiction. ‡2lcgft
8001 . ‡aHatcher, Robin Lee. ‡tLegacy of faith novel.
830 0. ‡aThorndike Press large print Christian fiction series.
914 . ‡aSCP_LP
959 . ‡i32269001123465 ‡lF Hat ‡aAdult - Fiction ‡tFiction ‡g35.00
852 . ‡p32269001123465 ‡jF Hat ‡gAdult - Fiction ‡cFiction ‡y35.00 ‡bSBPL
901 . ‡a151730 ‡bUnknown ‡c151730 ‡tbiblio

Additional Resources